[Event "Olympiad-39"]
[Site "Khanty-Mansiysk"]
[Date "2010.09.22"]
[Round "2.3"]
[White "Mansour, Sameer"]
[Black "Righi, Ezio"]
[Result "1-0"]
[WhiteElo "2283"]
[BlackElo "2116"]
[PlyCount "41"]
[EventDate "2010.09.21"]
[EventType "team-swiss"]
[EventRounds "11"]
[EventCountry "RUS"]
[SourceTitle "CBM 139"]
[Source "ChessBase"]
[SourceDate "2010.11.18"]
[SourceVersion "1"]
[SourceVersionDate "2010.11.18"]
[SourceQuality "1"]
[WhiteTeam "Jordan"]
[BlackTeam "San Marino"]
[WhiteTeamCountry "JOR"]
[BlackTeamCountry "SMR"]

1. d4 c5 2. e3 e6 3. Nf3 Nf6 4. Bd3 d5 5. c3 Nbd7 6. 0-0 Be7 7. Nbd2 b6 8. Ne5 Bb7 9. f4 Ne4 10. Nxe4 dxe4 11. Bb5 Bc8 12. dxc5 Bxc5 13. b4 Be7 14. Qa4 a6 15. Rd1 axb5 16. Qxa8 0-0 17. Qa7 Bf6 18. Nxd7 Bxc3 19. Bb2 Bxb2 20. Nxf8 Qxf8 21. Qc7 1-0

[Event "Condino op"]
[Site "Condino"]
[Date "2009.08.01"]
[Round "7"]
[White "Righi, Ezio"]
[Black "Schaberg, Wolfgang"]
[Result "1-0"]
[WhiteElo "2111"]
[BlackElo "1953"]
[PlyCount "37"]
[EventDate "2009.07.27"]
[EventType "swiss"]
[EventRounds "7"]
[EventCountry "ITA"]
[SourceTitle "CBM 131 Extra"]
[Source "ChessBase"]
[SourceDate "2009.09.03"]
[SourceVersion "2"]
[SourceVersionDate "2009.09.16"]
[SourceQuality "1"]

1. e4 c5 2. Nf3 d6 3. d4 cxd4 4. Nxd4 Nf6 5. Nc3 e6 6. Be2 Be7 7. 0-0 Nc6 8. Be3 0-0 9. Kh1 Bd7 10. f4 Nxd4 11. Qxd4 Bc6 12. Rad1 a6 13. Bf3 Qa5 14. Qd2 Qc7 15. Qf2 b5 16. e5 dxe5 17. fxe5 Qxe5 18. Bxc6 Ng4 19. Qf4 1-0

[Event "Condino op"]
[Site "Condino"]
[Date "2009.07.31"]
[Round "6"]
[White "Qendro, Llambi"]
[Black "Righi, Ezio"]
[Result "1-0"]
[WhiteElo "2349"]
[BlackElo "2111"]
[PlyCount "41"]
[EventDate "2009.07.27"]
[EventType "swiss"]
[EventRounds "7"]
[EventCountry "ITA"]
[SourceTitle "CBM 131 Extra"]
[Source "ChessBase"]
[SourceDate "2009.09.03"]
[SourceVersion "2"]
[SourceVersionDate "2009.09.16"]
[SourceQuality "1"]

1. d4 c5 2. d5 f5 3. Nf3 g6 4. g3 Bg7 5. Bg2 d6 6. 0-0 Nf6 7. c4 0-0 8. Nc3 Na6 9. Bg5 h6 10. Bd2 Nc7 11. Qc2 Qe8 12. Nh4 Rb8 13. e4 e6 14. dxe6 Bxe6 15. exf5 gxf5 16. Nxf5 Bxc4 17. Rfe1 Be6 18. Nxg7 Kxg7 19. Bf4 Qd7 20. Qd2 Rh8 21. Qxd6 1-0